000 00578nam a22001937a 4500
003 BD-DhJNU
005 20250903052021.0
008 250903b |||||||| |||| 00| 0 eng d
020 _a8170969107
040 _aBD-DhJNU
_bENG
_cBD-DhJNU
_dBD-DhJNU
082 _223
_a910.1 SIE
100 _aSingh, R. L
245 _aElements of practical geography /
_cR.L. Singh and Rana P.B. Singh
260 _aNew Delhi :
_bKalyani Pub,
_c1991.
300 _axi, 421p. :
_bill. ;
_c26 cm.
650 _aPhysical Geography
_xTextbooks
700 _aSingh, Rana B. P.
942 _2ddc
_cBK
_n0
999 _c2070
_d2070